Statistics for World of Warcraft Raids

Click here to take the quiz!

General Stats

  • This quiz has been taken 6 times
  • The average score is 24 of 53

Answer Stats

HintAnswer% Correct
ClassicBlackwing Lair
100%
Wrath of the Lich KingIcecrown Citadel
100%
Burning CrusadeBlack Temple
83%
CataclysmDragon Soul
83%
CataclysmFirelands
83%
ClassicMolten Core
83%
Wrath of the Lich KingObsidian Sanctum
83%
Wrath of the Lich KingRuby Sanctum
83%
Wrath of the Lich KingTrial of the Crusader
83%
Wrath of the Lich KingUlduar
83%
Warlords of DraenorBlackrock Foundry
67%
Mists of PandariaHeart of Fear
67%
Burning CrusadeKarazhan
67%
Mists of PandariaMogu Shan Vaults
67%
ClassicNaxxramas
67%
Mists of PandariaSiege of Orgrimmar
67%
Burning CrusadeTempest Keep
67%
CataclysmBlackwing Descent
50%
LegionEmerald Nightmare
50%
Warlords of DraenorHellfire Citadel
50%
Warlords of DraenorHighmaul
50%
Burning CrusadeMagtheridons Lair
50%
ClassicRuins of Ahn Qiraj
50%
Burning CrusadeSerpentshrine Cavern
50%
ClassicTemple of Ahn Qiraj
50%
CataclysmThrone of the Four Winds
50%
Burning CrusadeZul Aman
50%
ClassicZul Gurub
50%
CataclysmBaradin Hold
33%
CataclysmBastion of Twilight
33%
Burning CrusadeBattle for Mount Hyjal
33%
Wrath of the Lich KingEye of Eternity
33%
Burning CrusadeGruuls Lair
33%
LegionNighthold
33%
Battle for AzerothNyalotha the Waking City
33%
ClassicOnyxias lair
33%
Burning CrusadeSunwell Plateau
33%
Mists of PandariaThrone of Thunder
33%
LegionTomb of Sargeras
33%
Battle for AzerothUldir
33%
Wrath of the Lich KingVault of Archavon
33%
LegionAntorus the Burning Throne
17%
ShadowlandsCastle Nathria
17%
ShadowlandsSanctum of Domination
17%
ShadowlandsSepulcher of the First Ones
17%
Mists of PandariaTerrace of the Endless Spring
17%
Battle for AzerothThe Eternal Palace
17%
LegionTrial of Valor
17%
DragonflightAberrus the Shadow Crucible
0%
DragonflightAmirdrassil the Dreams Hope
0%
Battle for AzerothBattle of Dazar Alor
0%
Battle for AzerothCrucible of Storms
0%
DragonflightVault of the Incarnates
0%

Score Distribution

Percentile by Number Answered

Percent of People with Each Score

Your Score History

You have not taken this quiz